| 000 | 00939nmm a2200289 a 4500 | ||
|---|---|---|---|
| 001 | ocm0002016016 | ||
| 003 | TR-IsHL | ||
| 005 | 20201028181437.0 | ||
| 008 | 190102s2018 tu tur | ||
| 007 | cr cn | ||
| 020 | _a9786055738563 | ||
| 035 |
_a2016016 _b(N$T) |
||
| 050 | 0 | 4 |
_aPL248.K393 _bB57 2018 |
| 090 | 0 | 4 |
_aPL248.K393 _bB57 2018 |
| 100 | 1 | _aKaya, Zekeriya | |
| 245 | 1 | 0 |
_aKır çiçeği: çocuk romanı _h[electronic resource] / _cZekeriya Kaya |
| 250 | _a3. Baskı | ||
| 260 |
_aAnkara : _bPhoenix Yayınevi, _c2018 |
||
| 300 | _a117 p. | ||
| 500 | _aEser, 9 yaş ve üstü çocuklar için hazırlanmıştır | ||
| 650 | 4 | _aDil ve Edebiyat | |
| 650 | 4 | _aLanguage and Literature | |
| 650 | 0 | _aTürk romanı | |
| 650 | 0 | _aTurkish fiction | |
| 650 | 7 |
_aLITERARY COLLECTIONS / Middle Eastern _2bisacsh |
|
| 856 | 4 | 0 | _uhttp://search.ebscohost.com/login.aspx?direct=true&scope=site&db=e011xww&AN=2016016 |
| 999 |
_c19603 _d19603 |
||